Obchody Tysiąclecia Chrztu Polski w 1966 w archidiecezji wrocławskiej
| Titel: | Obchody Tysiąclecia Chrztu Polski w 1966 w archidiecezji wrocławskiej |
|---|---|
| Verfasser: | |
| In: |
Millenium polskie, (2002), Seite 63-72 alle Artikel anzeigen |
| Veröffentlicht: | 2002 |
| Format: | Aufsatz |
| Sprache: | Polnisch |
X
alg: 39447336 001A $01999:12-11-16 001B $01999:30-05-21 $t14:33:48.000 001D $01999:12-11-16 001U $0utf8 001X $00 002@ $0Aox 003@ $0394473361 007A $0394473361 $aHEB 007T $0Herdww024118 010@ $apol 011@ $a2002 021A $aObchody Tysiąclecia Chrztu Polski w 1966 w archidiecezji wrocławskiej 027A $aDie Tausendjahrfeierlichkeiten der Taufe Polens im Jahre 1966 in der Erzdiözese Breslau 028A $aDrozd $dJózef 031A $h63-72 $j2002 039B $aIn $8--Aax--. Millenium polskie. - Warszawa : Pax, 2002. - 185, nlb. 3 $x200200000000000937 $9395576865 045F $a307.09438 $eDDC23BSB 045F/01 $a307.09 045F/03 $g438 045F/03 $g4385 046C $aDie Tausendjahrfeierlichkeiten der Taufe Polens im Jahre 1966 in der Erzdiözese Breslau $bÜbers. des Hauptsacht. lok: 39447336 78 exp: 39447336 78 1 #EPN 201B/01 $008-02-18 $t23:24:17.000 201U/01 $0utf8 203@/01 $0790583771 208@/01 $a12-11-16 $be 209A/01 $a/ $f000 $x00 220C/01 $aHerkunft: IH UWr;IH PAN/PBB Kraków 244Z/01 $2Trx $#Poola $#Lenkija $#Polija $#Polen Land $#Poland $#Lengyelország $#Poľsko $#Polsko $8--Trx--Polska$gkraj $x01 $9391345966 244Z/01 $2Trx $#Silesia $#Śląsk $#Sliezsko $#Slezsko $8--Trx--Schlesien $x02 $9391173987 244Z/01 $#Breslau $#Wrocław $#Wrotizla $#Breßlau $#Breßlaw $#Vroclav $#Vratislav $#Vratislavia $#Vratislauiae $#Bresslau $#Wratislavia $#Brassel $#Bresla $#Wratislava $#Smirna $#Breslavia $#Wroclaw $74008216-7 $8--Tg1--Breslau $x03 $9085014184 244Z/01 $74390031-8 $8--Tg1--Trebnitz$gWoiwodschaft Niederschlesien $x04 $908845732X 244Z/01 $aGeschichte 1966 $x05 244Z/01 $2Trx $#aastapäevad ja puhkepäevad $#šventės ir atmintinos dienos $#national holidays $#emlék- és ünnepnapok $#jubileusze i rocznice $#výročia a sviatky $#výročí a svátky $#Jubiläen $#Feiertage $#rocznice $#jubileá $#jubilea $8--Trx--Gedenk- und Feiertage $x06 $9391383027 244Z/01 $2Trx $#ristiusustamine $#christianizacija $#christian missons $#keresztényesítés $#chrystianizacja $#christianizácia $#christianizace $8--Trx--Christianisierung $x07 $9391365525 244Z/01 $2Trx $8--Trx--Einzelbeiträge $x08 $9391384570 245Z/01 $a13.02 $x01 245Z/01 $a11.14 $x02 247C/01 $82080>Marburg/Lahn, Herder-Institut, Forschungsbibliothek, Bibliographieportal $9336309341
| LEADER | 00000caa a22000002c 4500 | ||
|---|---|---|---|
| 001 | 394473361 | ||
| 003 | DE-603 | ||
| 005 | 20210530143348.0 | ||
| 007 | tu | ||
| 008 | 161112s2002 xx |||| | u00||u|pol c | ||
| 035 | |a (DE-599)HEB394473361 | ||
| 040 | |a DE-603 |b ger |c DE-603 |d DE-603 | ||
| 041 | |a pol | ||
| 082 | 0 | 4 | |8 1\u |a 307.09438 |q DE-101 |2 23/BSB |
| 085 | |8 1\u |b 307.09 | ||
| 085 | |8 1\u |z 2 |s 438 | ||
| 085 | |8 1\u |z 2 |s 4385 | ||
| 100 | 1 | |a Drozd, Józef | |
| 245 | 0 | 0 | |a Obchody Tysiąclecia Chrztu Polski w 1966 w archidiecezji wrocławskiej |
| 246 | 1 | |i Übers. des Hauptsacht. |a Die Tausendjahrfeierlichkeiten der Taufe Polens im Jahre 1966 in der Erzdiözese Breslau | |
| 246 | 1 | 3 | |a Die Tausendjahrfeierlichkeiten der Taufe Polens im Jahre 1966 in der Erzdiözese Breslau |
| 264 | 0 | |c 2002 | |
| 773 | 0 | 8 | |i In |t Millenium polskie |d Warszawa : Pax, 2002 |h 185, nlb. 3, 8° |g (2002), Seite 63-72 |w (DE-603)395576865 |
| 924 | 0 | |9 2080 |a (DE-603)790583771 |b DE-2080 |c HES |d d |g / | |


